| 000 | 00657nam a2200253Ia 4500 | ||
|---|---|---|---|
| 003 | OSt | ||
| 005 | 20220924122851.0 | ||
| 006 | a|||||r|||| 00| 0 | ||
| 007 | ta | ||
| 008 | 220923b |||||||| |||| 00| 0 urd d | ||
| 020 | _c14.00 | ||
| 024 | _a284040 | ||
| 037 | _cTextual | ||
| 040 |
_aARTS _cARTS _burd |
||
| 041 |
_2urd _aurd |
||
| 082 | _aO168,1NSS2:g, L5 | ||
| 100 |
_aSandelvi Salam _9190927 |
||
| 245 | 0 | _aMutala-o-Mushahidah | |
| 260 |
_aLucknow _bNaseem India _c1975 |
||
| 300 |
_a368p. _ccm. |
||
| 650 | _aURDU POETRY | ||
| 942 |
_hO168,1NSS2:g, L5 _cTEXL _2CC |
||
| 999 |
_c413367 _d413367 |
||